000 00685nam a22002537a 4500
003 CHAP
005 20220329140956.0
008 971013s1951 r 00010 d
010 _a60771
011 _a61743
035 _a65911
040 _cCHAP
082 _a517.355
_bS54
100 0 0 _aSneddon, Ian N.
_9107220
245 _aFourier transforms
260 _aNew York :
_bMcGraw-Hill,
_c1951
300 _a542 p.
590 _aBATCH-UPD
_b10
_c20130110
_lUCH01
_h2303
590 _aCONVERSION
_b10
_c20130109
_lUCH01
_h1333
650 1 4 _aSeries de Fourier.
_9105115
901 _aBK
942 _cLIBRO
949 _a517.355 S54
_bBC
_cLIBRO
_d33724000141859
_eLIBRO
_h28197
_i65911
_si
999 _c60771
_d60771